The Dinine Comedy /

Na minha lista:
Detalhes bibliográficos
Autor principal: Alighieri, Dante.
Outros Autores: Mandelbaum, Allen (translated.)
Formato: Livro
Idioma:English
Italian
Publicado em: London : David Campbell, 1995.
Assuntos:
Tags: Adicionar Tag
Sem tags, seja o primeiro a adicionar uma tag!
Thư viện lưu trữ: Mạng thư viện Đại học Đà Nẵng
LEADER 01004cam a2200373 i 4500
001 000047242
003 6834
005 20030326091536.0
008 010310|1995 vm 000 eng
020 |a 1857151836 
022 |a T 
040 |a IRC  |c IRC  |d IRC 
041 1 |a eng  |h ita 
082 1 4 |a 851  |b AL-D 
100 1 |a Alighieri, Dante. 
245 0 4 |a The Dinine Comedy /  |c Dante Alighieri ; Translated by Allen Mandelbaum ; Introduced by Eugenio Montale. 
260 |a London :  |b David Campbell,  |c 1995. 
300 |a 798p. ;  |c 20.5cm. 
630 0 4 |a Italian literature. 
630 0 4 |a Italian Poetry. 
630 0 4 |a Dante Alighieri. 
630 0 4 |a The Divine Comedy. 
650 0 4 |a Literature, Italian  |x Poetry. 
700 1 |a Mandelbaum, Allen,  |e translated. 
OWN |a DUT 
999 |a From the UDN01 
TYP |a Monograph 
TYP |a Printed language 
980 |a Mạng thư viện Đại học Đà Nẵng